00873nam a2200217 a 4500008004100000050001900041100002200060245009700082260003900179300001900218490003300237650002500270650002200295650004800317650002600365650001500391700002100406995008500427999001700512952012600529140630s1993 ||||||||||||||||| || u aIBRD(08)DP/228 aGooptu, Sudarshan10aPortfolio investment in Developing CountriescEdited by Stijn Claessens and Sudarshan Gooptu aWashington, D.C.bWorld Bankc1993 aix,492p.: ill. aWorld Bank Discussion Papers aPORTFOLIO MANAGEMENT aCAPITAL MOVEMENTS aINVESTMENTS, FOREIGN --DEVELOPING COUNTRIES aINTERNATIONAL FINANCE aSecurities aClaessens, Stijn FCBU-MAIN LIBRARY (Kitwe)M1UAVAILABLEWJun 30, 2014ZInternational Publications c54048d54048 00102lcc4070a001b001cInternational Publicationsd2022-11-30l0oIBRD(08)DP/228p019565r2022-11-30w2022-11-30y002